00491nam a2200181Ia 4500003000400000008004100004040001600045082001600061100001700077245002700094260002700121650001000148650000900158650001700167942001200184999001700196952009600213GCL140319s9999    xx            000 0 eng d  aGCL / cGCL04a912.32bG L1 aGEO PROJECTS10aLUXOR / cGEO PROJECTS  a[S.N] : bGEO PROJECTS04aLUXOR04aMAPS04aLUXOR - MAPS  2ddccBK  c14959d14959  00104070aCAIbCAId2014-03-26l0o912.32\G Lp27910r2014-03-26 00:00:00w2014-03-26yBK